[Event "Open Tre Circoli"]
[Site "Udine ITA"]
[Date "2012.01.21"]
[Round "1"]
[White "Canciani, Sardo"]
[Black "Degano, Emanuele"]
[WhiteElo "1430"]
[BlackElo "1725"]
[Result "0-1"]
[PlyCount "48"]
[EventDate "2012.01.21"]

1. d4 d5 2. Bf4 e6 3. Nf3 Nf6 4. e3 Nh5 5. Bg3 Nxg3 6. hxg3 Nd7 7. Nbd2 g6 8.
Bd3 Bg7 9. c3 Qe7 10. O-O h5 11. Re1 f5 12. Nh4 Qf7 13. f4 Nf6 14. Nhf3 Ne4 15.
Bxe4 fxe4 16. Ng5 Qe7 17. c4 Bf6 18. Nh3 Qg7 19. cxd5 exd5 20. Nb3 g5 21. Kf2
gxf4 22. Nxf4 h4 23. Rh1 Qxg3+ 24. Ke2 Bg4+ 0-1

[Event "Open Tre Circoli"]
[Site "Udine ITA"]
[Date "2012.01.21"]
[Round "1"]
[White "Ciani, Davide"]
[Black "Pellicoro, Roberto"]
[WhiteElo "1719"]
[BlackElo "1404"]
[Result "0-1"]
[PlyCount "48"]
[EventDate "2012.01.21"]

1. d4 d5 2. Nf3 Nf6 3. e3 e6 4. c3 Nc6 5. Bd3 Bd6 6. Nbd2 O-O 7. e4 dxe4 8.
Nxe4 Nxe4 9. Bxe4 f5 10. Bxc6 bxc6 11. O-O Qf6 12. Bg5 Qg6 13. Qc2 Bb7 14. Qd3
c5 15. Bd2 cxd4 16. cxd4 Be4 17. Qe3 f4 18. Qc3 Bb4 19. Qxb4 Bxf3 20. g3 fxg3
21. fxg3 Qc2 22. Rac1 Qe4 23. Rce1 Qg4 24. Bf4 Rxf4 0-1

[Event "Open Tre Circoli"]
[Site "Udine ITA"]
[Date "2012.01.21"]
[Round "1"]
[White "De Nardo, Elena"]
[Black "Bozza, Stefano"]
[WhiteElo "1520"]
[BlackElo "1836"]
[Result "0-1"]
[PlyCount "74"]
[EventDate "2012.01.21"]

1. d4 Nf6 2. c4 e6 3. Nc3 c5 4. e3 d5 5. cxd5 exd5 6. Nf3 Nc6 7. Be2 Be7 8. O-O
O-O 9. b3 cxd4 10. Nxd4 Ne5 11. Qc2 Bd7 12. Nf3 Bd6 13. Qd2 Bc6 14. Nxe5 Bxe5
15. Bb2 Qc7 16. f4 Bd6 17. Nb5 Bxb5 18. Bxb5 Qb6 19. Qe2 Bc5 20. Rf3 d4 21. b4
Bxb4 22. Bxd4 Bc5 23. Bxc5 Qxc5 24. Qc4 Rac8 25. Qxc5 Rxc5 26. Bd3 Rd8 27. Bf1
Ne4 28. Be2 Rc2 29. Bd1 Rc3 30. Be2 Rd2 31. Bf1 b6 32. Rb1 Rxa2 33. Rb4 f5 34.
Bc4+ Rxc4 35. Rxc4 Ra1+ 36. Rf1 Rxf1+ 37. Kxf1 Nd2+ 0-1

[Event "Open Tre Circoli"]
[Site "Udine ITA"]
[Date "2012.01.21"]
[Round "1"]
[White "Gentile, Bruno"]
[Black "Bisaro, Andrea"]
[WhiteElo "1338"]
[BlackElo "1756"]
[Result "0-1"]
[PlyCount "66"]
[EventDate "2012.01.21"]

1. d4 d5 2. c4 c6 3. Nc3 Nf6 4. Qb3 e6 5. Bg5 Nbd7 6. e3 Be7 7. Nf3 Qa5 8. h4
h6 9. Bxf6 Nxf6 10. Bd3 dxc4 11. Qxc4 Nd5 12. Ke2 Nxc3+ 13. bxc3 Qh5 14. Be4
O-O 15. Rag1 f5 16. Bc2 Bd7 17. Kd2 b5 18. Qe2 Bf6 19. Bb3 Rad8 20. Kc2 a5 21.
Kd2 a4 22. Bc2 Be8 23. e4 fxe4 24. Qxe4 Qf5 25. Qe2 Qd5 26. Ra1 e5 27. Be4 Qd6
28. Qd3 exd4 29. cxd4 Bxd4 30. Nxd4 c5 31. Ke2 cxd4 32. Kd2 Qe5 33. Rac1 Bf7
0-1

[Event "Open Tre Circoli"]
[Site "Udine ITA"]
[Date "2012.01.21"]
[Round "1"]
[White "Muradore, Aldo"]
[Black "Redo, Stefano"]
[WhiteElo "1551"]
[BlackElo "1879"]
[Result "0-1"]
[PlyCount "80"]
[EventDate "2012.01.21"]

1. d4 Nf6 2. c4 e6 3. Nc3 Bb4 4. Bd2 O-O 5. Nf3 c5 6. dxc5 Bxc5 7. e3 Nc6 8.
Be2 a6 9. O-O Ba7 10. Rc1 d6 11. a3 Qe7 12. Qc2 Bd7 13. e4 Ng4 14. Bg5 f6 15.
Bh4 Rac8 16. Qd2 Nge5 17. Rfd1 Bb8 18. Na4 Nxf3+ 19. Bxf3 Ne5 20. Nb6 Rcd8 21.
Nxd7 Rxd7 22. Be2 Rfd8 23. Qc3 d5 24. cxd5 exd5 25. exd5 g5 26. Bg3 Kg7 27. Re1
Rxd5 28. Kh1 Qd7 29. f4 gxf4 30. Bxf4 Qf5 31. Qg3+ Qg6 32. Rc3 Kh8 33. Qxg6
hxg6 34. Rh3+ Kg7 35. Bh6+ Kf7 36. Rf1 Rh8 37. Bg5 Rxh3 38. Rxf6+ Kg7 39. Re6
Rxh2+ 40. Kxh2 Nf3+ 0-1

[Event "Open Tre Circoli"]
[Site "Udine ITA"]
[Date "2012.01.21"]
[Round "1"]
[White "Muzzolini, Claudio"]
[Black "Dizorz, Marco"]
[WhiteElo "1841"]
[BlackElo "1529"]
[Result "1-0"]
[PlyCount "101"]
[EventDate "2012.01.21"]

1. e4 d5 2. exd5 Qxd5 3. Nc3 Qa5 4. Bc4 Nf6 5. Nge2 e6 6. d3 c6 7. h3 Be7 8.
O-O O-O 9. Ng3 h6 10. Bd2 Qc7 11. Qf3 Nbd7 12. Bb3 b6 13. Nge4 Nxe4 14. Nxe4
Bf6 15. c3 Bb7 16. Rad1 c5 17. Qg3 Qxg3 18. Nxg3 Ne5 19. Be3 Rad8 20. d4 cxd4
21. Bxd4 Nd7 22. Be3 Be5 23. f4 Bc7 24. Bc2 Nf6 25. c4 Rxd1 26. Rxd1 Rd8 27.
Rxd8+ Bxd8 28. Kf2 Be7 29. a3 Nd7 30. b4 g5 31. Be4 Bxe4 32. Nxe4 gxf4 33. Bxf4
Kg7 34. Bd6 Bxd6 35. Nxd6 Kg6 36. Nb7 f5 37. c5 bxc5 38. bxc5 Kf6 39. Ke3 Ke5
40. c6 Nb6 41. Kd3 Kd5 42. Nd8 Kd6 43. Nf7+ Kxc6 44. Nxh6 Kd5 45. Nf7 Nc4 46.
h4 Nxa3 47. h5 e5 48. h6 e4+ 49. Ke2 Ke6 50. h7 Kxf7 51. h8=Q 1-0

[Event "Open Tre Circoli"]
[Site "Udine ITA"]
[Date "2012.01.21"]
[Round "1"]
[White "Santacroce, Fidel"]
[Black "Pillon, Giovanni Pietro"]
[WhiteElo "1574"]
[BlackElo "1890"]
[Result "0-1"]
[PlyCount "116"]
[EventDate "2012.01.21"]

1. e4 e5 2. Nf3 Nc6 3. Bc4 Bc5 4. d3 d6 5. Nc3 Nf6 6. h3 Na5 7. Bb3 a6 8. Qe2
h6 9. Be3 Bxe3 10. Qxe3 O-O 11. O-O Bd7 12. d4 exd4 13. Qxd4 Nc6 14. Qe3 Re8
15. Rfe1 b5 16. Qd3 Nb4 17. Qd4 a5 18. a3 Nc6 19. Qe3 b4 20. Nd5 Be6 21. axb4
Bxd5 22. Bxd5 Nxb4 23. Qd2 c6 24. c3 Nbxd5 25. exd5 Nxd5 26. Rxe8+ Qxe8 27. c4
Nb6 28. Qxd6 Nxc4 29. Qd4 Qe2 30. b3 Qb2 31. bxc4 Qb4 32. Ne5 c5 33. Qd5 Rf8
34. Rd1 a4 35. Nc6 Qb3 36. Qd3 Qxd3 37. Rxd3 Ra8 38. Ra3 f6 39. Ne7+ Kf7 40.
Nd5 Ra7 41. Kf1 Ke6 42. Nc3 Ke5 43. Rxa4 Rb7 44. g4 Rb4 45. f4+ Kd4 46. Ke2
Kxc3 47. Ra7 Rxc4 48. Rxg7 Re4+ 49. Kf3 Kd3 50. h4 c4 51. Rc7 Re3+ 52. Kg2 c3
53. g5 fxg5 54. hxg5 hxg5 55. fxg5 Re5 56. Rd7+ Ke2 57. Kg3 Rxg5+ 58. Kf4 Rc5
0-1

[Event "Open Tre Circoli"]
[Site "Udine ITA"]
[Date "2012.01.21"]
[Round "1"]
[White "Simoni, Giulio"]
[Black "Russotto, Gioele"]
[WhiteElo "1658"]
[BlackElo "1404"]
[Result "1-0"]
[PlyCount "42"]
[EventDate "2012.01.21"]

1. e4 c5 2. Nf3 d6 3. Nc3 Nf6 4. d4 cxd4 5. Nxd4 Nc6 6. Bb5 Bd7 7. Bg5 e6 8.
O-O Be7 9. Re1 O-O 10. Nxc6 bxc6 11. Bd3 h6 12. Bh4 e5 13. Bg3 Nh7 14. Kh1 Bg5
15. Rf1 Qf6 16. Ne2 Bf4 17. c3 g5 18. Bxf4 gxf4 19. g3 Bh3 20. Re1 f3 21. Ng1
Bg2# 1-0

[Event "Open Tre Circoli"]
[Site "Udine ITA"]
[Date "2012.01.21"]
[Round "1"]
[White "Sorgo, Roberto"]
[Black "Lena, Leonardo"]
[WhiteElo "1883"]
[BlackElo "1368"]
[Result "1-0"]
[PlyCount "84"]
[EventDate "2012.01.21"]

1. d4 Nf6 2. Nf3 g6 3. Bg5 Bg7 4. e3 Nc6 5. c4 d6 6. Nc3 Bf5 7. Bd3 Bxd3 8.
Qxd3 Nb4 9. Qd2 c5 10. d5 O-O 11. a3 Na6 12. O-O Nc7 13. e4 a6 14. a4 Rb8 15.
Bh6 b5 16. axb5 axb5 17. cxb5 Nxb5 18. Bxg7 Kxg7 19. Rfd1 Nxc3 20. Qxc3 Qb6 21.
Ra2 Qb3 22. Qxb3 Rxb3 23. Nd2 Rb4 24. f3 Rfb8 25. b3 e6 26. dxe6 fxe6 27. Ra7+
Kh6 28. Re7 Re8 29. Rf7 Nh5 30. Ra1 Rd4 31. Nc4 Rg8 32. g4 Rg7 33. Rf8 Rd3 34.
gxh5 Kxh5 35. Ra6 d5 36. exd5 exd5 37. Ne5 Rxb3 38. Ra5 Rb1+ 39. Kg2 Rb2+ 40.
Kg3 Rbb7 41. Rxc5 d4 42. Nd3+ Kh6 1-0

[Event "Open Tre Circoli"]
[Site "Udine ITA"]
[Date "2012.01.21"]
[Round "1"]
[White "Stefanutti, Piero"]
[Black "Menon, Michele"]
[WhiteElo "1501"]
[BlackElo "1786"]
[Result "1-0"]
[PlyCount "51"]
[EventDate "2012.01.21"]

1. e4 d6 2. d4 Nf6 3. Nc3 c6 4. Be2 e6 5. Nf3 Be7 6. O-O O-O 7. e5 Nd5 8. exd6
Bxd6 9. Ne4 Be7 10. c3 Nd7 11. Bd3 N5f6 12. Qc2 Nxe4 13. Bxe4 Nf6 14. Bd3 h6
15. Ne5 c5 16. Rd1 Qc7 17. Be3 b6 18. Qd2 Bb7 19. f3 cxd4 20. cxd4 Qd6 21. Qf2
Nd5 22. Be4 Rfc8 23. Rac1 Bf6 24. Bd2 Qb4 25. Qg3 Kh8 26. Nxf7+ 1-0

[Event "Open Tre Circoli"]
[Site "Udine ITA"]
[Date "2012.01.21"]
[Round "1"]
[White "Willis, Daniel"]
[Black "Capaliku, Aleks"]
[WhiteElo "1715"]
[BlackElo "2099"]
[Result "0-1"]
[PlyCount "54"]
[EventDate "2012.01.21"]

1. d4 f5 2. Bg5 h6 3. Bh4 g5 4. e3 Nf6 5. Bg3 h5 6. h3 Bg7 7. Be2 d6 8. Nc3 c6
9. Qd3 Na6 10. a3 h4 11. Bh2 Be6 12. Nf3 Bh6 13. b4 Qd7 14. b5 Nc7 15. Rb1 Ne4
16. bxc6 Qxc6 17. Nb5 a6 18. Nxc7+ Qxc7 19. c4 Qa5+ 20. Rb4 O-O 21. O-O b5 22.
cxb5 axb5 23. Rxb5 Qxa3 24. Rb7 Rf7 25. Qb5 Nc3 26. Rb8+ Rxb8 27. Qxb8+ Rf8 0-1

[Event "Open Tre Circoli"]
[Site "Udine ITA"]
[Date "2012.01.21"]
[Round "1"]
[White "Zucchetto, Pierpaolo"]
[Black "Marziali, Giulio"]
[WhiteElo "1802"]
[BlackElo "1502"]
[Result "1-0"]
[PlyCount "79"]
[EventDate "2012.01.21"]

1. d4 Nf6 2. e3 d5 3. Bd3 e6 4. Nh3 c5 5. c3 Nc6 6. f4 Be7 7. Nd2 O-O 8. Ng5
Qc7 9. Ndf3 h6 10. Nh3 c4 11. Bc2 b5 12. Nf2 a5 13. g4 b4 14. g5 hxg5 15. Nxg5
g6 16. Rg1 Bd8 17. Bd2 Kg7 18. Qf3 Rh8 19. Qg2 Kf8 20. e4 bxc3 21. bxc3 Rb8 22.
Bc1 Na7 23. e5 Ne8 24. Ba4 Rb7 25. Ba3+ Kg7 26. Kd2 Nb5 27. Bc5 Rg8 28. Ng4 Bd7
29. Bc2 Bc6 30. Nh6 Bxg5 31. Qxg5 Rh8 32. f5 Rxh6 33. Bf8+ Kxf8 34. Qxh6+ Ke7
35. fxg6 fxg6 36. Rxg6 Bd7 37. Qg5+ Kf8 38. Rg8+ Kf7 39. Rg1 Bc8 40. Qg7+ 1-0

[Event "Open Tre Circoli"]
[Site "Udine ITA"]
[Date "2012.02.04"]
[Round "2"]
[White "Bisaro, Andrea"]
[Black "Sorgo, Roberto"]
[WhiteElo "1756"]
[BlackElo "1883"]
[Result "0-1"]
[PlyCount "60"]
[EventDate "2012.01.21"]

1. e4 d5 2. exd5 Qxd5 3. Nc3 Qa5 4. d4 Nf6 5. Bc4 c6 6. h3 Bf5 7. Nf3 e6 8. Bd2
Nbd7 9. g4 Bg6 10. g5 Nh5 11. Nh4 Qc7 12. Nxg6 hxg6 13. Qf3 Nb6 14. Bb3 O-O-O
15. Ne2 Bd6 16. c4 c5 17. Rc1 Rhe8 18. dxc5 Bxc5 19. Be3 Bb4+ 20. Kf1 Bd2 21.
Rc2 Bxe3 22. Qxe3 Qc6 23. f3 e5 24. Kf2 Qc7 25. a4 a5 26. Qe4 Nf4 27. c5 Nbd5
28. c6 Qb6+ 29. Kg3 Nh5+ 30. Kh2 Qf2# 0-1

[Event "Open Tre Circoli"]
[Site "Udine ITA"]
[Date "2012.02.04"]
[Round "2"]
[White "Bozza, Stefano"]
[Black "Stefanutti, Piero"]
[WhiteElo "1836"]
[BlackElo "1501"]
[Result "1-0"]
[PlyCount "73"]
[EventDate "2012.01.21"]

1. e4 e6 2. d4 d5 3. e5 c5 4. c3 Qb6 5. Nf3 Nc6 6. Bd3 c4 7. Bc2 Bd7 8. O-O Be7
9. b3 Na5 10. Nbd2 Qc7 11. Bb2 b5 12. bxc4 Nxc4 13. Nxc4 bxc4 14. Qe2 Nh6 15.
Ng5 O-O-O 16. Rfb1 f6 17. Nf3 Nf7 18. Qe3 g5 19. exf6 Bxf6 20. Ba3 Rhg8 21. Rb2
g4 22. Ne1 Bg5 23. Qe2 e5 24. Rab1 e4 25. g3 h5 26. Ng2 Bh6 27. Ne3 Be6 28. Ba4
Ng5 29. Rb8+ Qxb8 30. Rxb8+ Kxb8 31. Qb2+ Kc8 32. Qb5 Nf3+ 33. Kh1 Rg7 34. Qc6+
Kb8 35. Bd6+ Rxd6 36. Qxd6+ Kc8 37. Qxe6+ 1-0

[Event "Open Tre Circoli"]
[Site "Udine ITA"]
[Date "2012.02.04"]
[Round "2"]
[White "Capaliku, Aleks"]
[Black "Roiatti, Noris"]
[WhiteElo "2099"]
[BlackElo "1769"]
[Result "1-0"]
[PlyCount "45"]
[EventDate "2012.01.21"]

1. e3 Nf6 2. c4 e5 3. d3 Nc6 4. Nc3 Bb4 5. Bd2 O-O 6. a3 Bxc3 7. Bxc3 d5 8.
cxd5 Nxd5 9. Qc2 Bg4 10. h3 Bh5 11. Rc1 Qe7 12. Be2 Qg5 13. g4 Qh4 14. Nf3 Qe7
15. gxh5 Kh8 16. b4 b5 17. Bb2 Nd8 18. Nxe5 Ne6 19. h6 Kg8 20. hxg7 Rfe8 21.
Ng4 Nxg7 22. Nh6+ Kf8 23. Bxg7+ 1-0

[Event "Open Tre Circoli"]
[Site "Udine ITA"]
[Date "2012.02.04"]
[Round "2"]
[White "Degano, Emanuele"]
[Black "Muzzolini, Claudio"]
[WhiteElo "1725"]
[BlackElo "1841"]
[Result "1-0"]
[PlyCount "45"]
[EventDate "2012.01.21"]

1. e4 e5 2. Nf3 Nc6 3. Bc4 Bc5 4. b4 Bxb4 5. c3 Ba5 6. O-O Nf6 7. Ba3 d6 8. d4
Nxe4 9. d5 Nxc3 10. Nxc3 Bxc3 11. Rc1 Ba5 12. dxc6 O-O 13. Qd5 b6 14. Rfd1 Qe8
15. Qe4 h6 16. Rd3 Kh8 17. Qh4 f6 18. Nd2 Bf5 19. Rf3 Bxd2 20. Rxf5 Bg5 21. Qh3
g6 22. Rxg5 fxg5 23. Qxh6# 1-0

[Event "Open Tre Circoli"]
[Site "Udine ITA"]
[Date "2012.02.04"]
[Round "2"]
[White "Dizorz, Marco"]
[Black "Canciani, Sardo"]
[WhiteElo "1529"]
[BlackElo "1430"]
[Result "0-1"]
[PlyCount "69"]
[EventDate "2012.01.21"]

1. e4 e6 2. d4 d5 3. e5 c5 4. c3 Nc6 5. Nf3 Bd7 6. Bb5 cxd4 7. Bxc6 Bxc6 8.
cxd4 Qb6 9. O-O Rc8 10. Nbd2 Ne7 11. Nb3 Bb5 12. Re1 Nc6 13. Bd2 h6 14. Rc1 Be7
15. Be3 O-O 16. Nc5 Bxc5 17. Rxc5 Nb4 18. Qd2 Nd3 19. Rxc8 Rxc8 20. Bxh6 Nxe1
21. Qg5 Nxf3+ 22. gxf3 Kf8 23. Qxg7+ Ke8 24. Qg8+ Kd7 25. Qxf7+ Kc6 26. Qxe6+
Kc7 27. Qe7+ Kb8 28. e6 Re8 29. Bf4+ Ka8 30. Qc5 Qxc5 31. dxc5 Rxe6 32. h4 Rf6
33. Be3 Rxf3 34. h5 Rf8 35. h6 0-1

[Event "Open Tre Circoli"]
[Site "Udine ITA"]
[Date "2012.02.04"]
[Round "2"]
[White "Lena, Leonardo"]
[Black "Muradore, Aldo"]
[WhiteElo "1368"]
[BlackElo "1551"]
[Result "0-1"]
[PlyCount "70"]
[EventDate "2012.01.21"]

1. f4 d5 2. c4 e6 3. Nc3 Qh4+ 4. g3 Qd8 5. Nf3 d4 6. Ne4 c5 7. d3 Nf6 8. Nxf6+
Qxf6 9. Bd2 Bd6 10. Bg2 Nc6 11. a3 Bd7 12. b4 b6 13. b5 Ne7 14. Nxd4 Rb8 15.
Nc2 Nf5 16. e4 Nd4 17. e5 Bxe5 18. fxe5 Qxe5+ 19. Be4 Nxc2+ 20. Ke2 Nd4+ 21.
Ke1 Nf3+ 22. Ke2 Nd4+ 23. Ke1 g5 24. Qh5 Nc2+ 25. Ke2 Nxa1 26. Rf1 Rf8 27. Kd1
Qb2 28. Qxg5 Nb3 29. Rf2 Nxd2 30. Rxd2 Qd4 31. Bxh7 Qh8 32. Qh4 Qa1+ 33. Kc2
Rd8 34. Qf4 Rh8 35. Rf2 Rxh7 0-1

[Event "Open Tre Circoli"]
[Site "Udine ITA"]
[Date "2012.02.04"]
[Round "2"]
[White "Marziali, Giulio"]
[Black "Willis, Daniel"]
[WhiteElo "1502"]
[BlackElo "1715"]
[Result "0-1"]
[PlyCount "44"]
[EventDate "2012.01.21"]

1. e4 e6 2. d4 d5 3. Nd2 Nf6 4. e5 Nfd7 5. f4 c5 6. c3 Nc6 7. Ngf3 Qb6 8. Nb3
Be7 9. Qc2 f6 10. Be3 fxe5 11. fxe5 c4 12. Nbd2 Ndxe5 13. Nxe5 Nxe5 14. Be2 O-O
15. O-O-O a5 16. Nf3 Nxf3 17. gxf3 a4 18. a3 Qb3 19. Qb1 Bxa3 20. Rd2 Qxc3+ 21.
Kd1 Qxe3 22. bxa3 Qb3+ 0-1

[Event "Open Tre Circoli"]
[Site "Udine ITA"]
[Date "2012.02.04"]
[Round "2"]
[White "Menon, Michele"]
[Black "De Nardo, Elena"]
[WhiteElo "1786"]
[BlackElo "1520"]
[Result "1-0"]
[PlyCount "59"]
[EventDate "2012.01.21"]

1. c4 e5 2. Nc3 f5 3. d3 Nf6 4. g3 d5 5. cxd5 Nxd5 6. Bg2 c6 7. Bd2 Be6 8. Nf3
Nd7 9. Ng5 Bg8 10. e4 fxe4 11. Ncxe4 Nc5 12. Nxc5 Bxc5 13. O-O Qf6 14. Nf3
O-O-O 15. Bg5 Ne3 16. fxe3 Bxe3+ 17. Bxe3 h6 18. Qc2 Qd6 19. Rad1 Bh7 20. Qa4
a6 21. Bh3+ Kb8 22. Nxe5 Qe7 23. Bf4 Ka8 24. d4 g5 25. Nxc6 bxc6 26. Qxa6+ Qa7
27. Qxc6+ Qb7 28. Qa4+ Qa7 29. Bg2+ Rd5 30. Bxd5# 1-0

[Event "Open Tre Circoli"]
[Site "Udine ITA"]
[Date "2012.02.04"]
[Round "2"]
[White "Orsatti, Marcello"]
[Black "Simoni, Giulio"]
[WhiteElo "1976"]
[BlackElo "1658"]
[Result "1/2-1/2"]
[PlyCount "118"]
[EventDate "2012.01.21"]

1. Nf3 d5 2. b4 Nf6 3. Bb2 g6 4. e3 Bg7 5. d4 c6 6. c4 a5 7. b5 O-O 8. a4 Ne4
9. Nbd2 f5 10. Bd3 Nd7 11. O-O Ndc5 12. Bc2 Nxd2 13. Nxd2 Ne4 14. cxd5 cxd5 15.
Rc1 Nd6 16. Bb3 e6 17. Ba3 Rf7 18. Qc2 Ne8 19. Nf3 Bd7 20. Ne5 Bxe5 21. dxe5 g5
22. f3 b6 23. e4 Rc8 24. Qd3 fxe4 25. fxe4 Rxc1 26. Rxc1 dxe4 27. Qxe4 Nc7 28.
Bd6 Ne8 29. Qg4 Nxd6 30. exd6 Qf6 31. h4 h6 32. hxg5 hxg5 33. Bc2 e5 34. Qg3
Kf8 35. Rd1 Qf4 36. Qxf4 exf4 37. Be4 Rf6 38. Kf2 g4 39. Rd4 Ke8 40. Ke2 Kd8
41. Bc6 Re6+ 42. Kd3 Rf6 43. Ke2 Re6+ 44. Kd2 Rf6 45. Be4 f3 46. gxf3 gxf3 47.
Bd3 f2 48. Bf1 Be6 49. Ke3 Kd7 50. Rd2 Bb3 51. Bh3+ Be6 52. Bf1 Bg4 53. Ke4
Rxd6 54. Rxf2 Re6+ 55. Kd4 Rd6+ 56. Kc3 Bd1 57. Rf7+ Ke8 58. Rf4 Ke7 59. Bc4
Bxa4 1/2-1/2

[Event "Open Tre Circoli"]
[Site "Udine ITA"]
[Date "2012.02.04"]
[Round "2"]
[White "Pillon, Giovanni Pietro"]
[Black "Facchin, Francesco"]
[WhiteElo "1890"]
[BlackElo "1733"]
[Result "1-0"]
[PlyCount "81"]
[EventDate "2012.01.21"]

1. d4 Nf6 2. c4 e6 3. Nc3 Bb4 4. Bg5 O-O 5. e3 d5 6. Qc2 Nbd7 7. Bd3 h6 8. Bh4
dxc4 9. Bxc4 c6 10. Nge2 b5 11. Bd3 Bb7 12. O-O Be7 13. Rad1 Nd5 14. Bxe7 Nxe7
15. Ne4 f5 16. Nd6 Rb8 17. Nf4 Rf6 18. g4 Nf8 19. Nxb7 Rxb7 20. gxf5 exf5 21.
f3 Nd5 22. Qb3 Kh8 23. Nxd5 Qxd5 24. Qxd5 cxd5 25. Rc1 Nd7 26. Rc8+ Kh7 27. e4
dxe4 28. fxe4 g6 29. e5 Re6 30. Rfc1 Nxe5 31. dxe5 Rxe5 32. R8c7+ Re7 33. Rxe7+
Rxe7 34. Bxb5 Rb7 35. a4 a6 36. Bxa6 Rxb2 37. Bc4 f4 38. a5 Rb4 39. a6 Ra4 40.
Bb5 Ra2 41. Rc7+ 1-0

[Event "Open Tre Circoli"]
[Site "Udine ITA"]
[Date "2012.02.04"]
[Round "2"]
[White "Pontonutti, Luciana"]
[Black "Ciani, Davide"]
[WhiteElo "1442"]
[BlackElo "1719"]
[Result "0-1"]
[PlyCount "102"]
[EventDate "2012.01.21"]

1. e4 c5 2. Nf3 Nc6 3. Nc3 d6 4. a3 g6 5. d4 cxd4 6. Nxd4 e5 7. Nf3 Bg7 8. Nd5
Nf6 9. Bg5 Bg4 10. Be2 Bxf3 11. Bxf3 Nd4 12. O-O h6 13. Be3 Nxd5 14. exd5 Nf5
15. Be4 Ne7 16. c3 O-O 17. Qd2 Kh7 18. f4 f5 19. Bc2 e4 20. Rab1 Ng8 21. g3 h5
22. c4 Nh6 23. Bd4 Bxd4+ 24. Qxd4 Qb6 25. Qxb6 axb6 26. Bd1 Rfe8 27. Re1 Ng4
28. Bxg4 hxg4 29. Re3 Kg7 30. b4 Re7 31. b5 Rc7 32. Rc1 Kf6 33. Kg2 g5 34. Rcc3
Rac8 35. fxg5+ Kxg5 36. h4+ gxh3+ 37. Kxh3 Rxc4 38. Rxc4 Rxc4 39. Re1 Rc5 40.
Rg1 Rc3 41. a4 f4 42. Kh2 f3 43. Rf1 Kg4 44. Re1 e3 45. Rb1 Rc2+ 46. Kh1 Kxg3
47. a5 bxa5 48. b6 Rh2+ 49. Kg1 f2+ 50. Kf1 Rh1+ 51. Ke2 Rxb1 0-1

[Event "Open Tre Circoli"]
[Site "Udine ITA"]
[Date "2012.02.04"]
[Round "2"]
[White "Redo, Stefano"]
[Black "Salone, Andrea"]
[WhiteElo "1879"]
[BlackElo "1572"]
[Result "1-0"]
[PlyCount "73"]
[EventDate "2012.01.21"]

1. e4 e5 2. Nf3 d6 3. Bc4 Be7 4. c3 Nf6 5. O-O O-O 6. d4 Nbd7 7. Nbd2 c6 8. Re1
b5 9. Bb3 a5 10. a3 c5 11. a4 Qb6 12. axb5 Qxb5 13. Ba4 Qb8 14. Nc4 Qc7 15. d5
Ba6 16. Nfd2 Rfb8 17. Bc6 Bb7 18. Bxb7 Rxb7 19. Qa4 Rba7 20. f3 Nh5 21. g3 Nb6
22. Nxb6 Qxb6 23. Nc4 Qc7 24. Bd2 Nf6 25. f4 Nd7 26. fxe5 Nxe5 27. Nxe5 dxe5
28. c4 h6 29. Ra3 Bg5 30. Bc3 Kh7 31. Kg2 Qd6 32. Qd1 Bd8 33. Qg4 f6 34. Ra4
Qb6 35. Rea1 Qb3 36. Qe2 Bb6 37. R1a3 1-0

[Event "Open Tre Circoli"]
[Site "Udine ITA"]
[Date "2012.02.04"]
[Round "2"]
[White "Russotto, Gioele"]
[Black "Bernard, Federico"]
[WhiteElo "1404"]
[BlackElo "1482"]
[Result "0-1"]
[PlyCount "144"]
[EventDate "2012.01.21"]

1. e4 c5 2. Nf3 g6 3. d4 Bg7 4. Bc4 cxd4 5. Nxd4 Qc7 6. Bb3 Nc6 7. Be3 d6 8.
Nc3 Qa5 9. O-O Nf6 10. h3 a6 11. Qd2 h6 12. Ba4 Bd7 13. Nb3 Qh5 14. Bxc6 bxc6
15. Qd1 Be6 16. Qxh5 Nxh5 17. Nd4 Bc4 18. Rfe1 c5 19. Nf3 Rb8 20. Rab1 O-O 21.
g4 Nf6 22. e5 Nd7 23. exd6 exd6 24. Bf4 Bxc3 25. bxc3 Rxb1 26. Rxb1 d5 27. Nd2
Bb5 28. Bd6 Re8 29. Bf4 g5 30. Be3 Rf8 31. Nb3 c4 32. Nd4 Rb8 33. Nf5 Kh7 34.
Ne7 Ba4 35. Rxb8 Nxb8 36. Nxd5 Bxc2 37. Nb4 Bb1 38. a3 a5 39. Nd5 Nd7 40. f4 f6
41. Ne7 Be4 42. fxg5 hxg5 43. Nf5 Bxf5 44. gxf5 a4 45. Kg2 Ne5 46. Kg3 Nd3 47.
Kf3 Kg7 48. Ke4 Nb2 49. Bc1 Nd1 50. Kd4 Nf2 51. Kxc4 Nxh3 52. Kb4 Nf2 53. Be3
Ne4 54. c4 Nd6 55. c5 Nxf5 56. Bf2 Ne7 57. Kxa4 f5 58. Kb5 f4 59. a4 g4 60. a5
g3 61. Bg1 f3 62. Bd4+ Kf7 63. a6 f2 64. a7 f1=Q+ 65. Kb6 Qb1+ 66. Kc7 Qa2 67.
Kb7 Qb3+ 68. Kc7 Qa4 69. Kb7 Qb5+ 70. Kc7 Qa6 71. c6 Nxc6 72. Bb6 Nxa7 0-1

[Event "Open Tre Circoli"]
[Site "Udine ITA"]
[Date "2012.02.11"]
[Round "3"]
[White "Bernard, Federico"]
[Black "Ciani, Davide"]
[WhiteElo "1482"]
[BlackElo "1719"]
[Result "1-0"]
[PlyCount "114"]
[EventDate "2012.01.21"]

1. d4 e6 2. c4 f5 3. Bf4 Nf6 4. Nc3 d5 5. Nf3 c6 6. e3 Bb4 7. Bd3 Qa5 8. Qc2 g6
9. O-O O-O 10. a3 Bxc3 11. bxc3 Nbd7 12. cxd5 cxd5 13. c4 a6 14. Rfb1 dxc4 15.
Bxc4 Nd5 16. Bxd5 Qxd5 17. Rc1 b5 18. Bh6 Re8 19. Qc7 Bb7 20. Rc5 Rac8 21. Rxd5
Rxc7 22. Rd6 Rec8 23. h3 Re8 24. Bf4 Bxf3 25. gxf3 e5 26. dxe5 Nxe5 27. Bxe5
Rxe5 28. Rxa6 Rec5 29. Rb6 Rc1+ 30. Rxc1 Rxc1+ 31. Kg2 Ra1 32. Rxb5 Rxa3 33.
Rb7 Ra4 34. Kg3 Ra2 35. Re7 Ra5 36. e4 fxe4 37. fxe4 Ra1 38. Rd7 Re1 39. f3 h6
40. Kf4 Rh1 41. Kg3 Re1 42. Re7 h5 43. Kf4 Rh1 44. Kg3 Re1 45. Rd7 Rg1+ 46. Kf2
Rh1 47. Kg2 Re1 48. Rd2 Kf7 49. Kf2 Rh1 50. Kg3 Re1 51. Rf2 Kf6 52. Kg2 g5 53.
Rd2 h4 54. Rd6+ Ke5 55. Rd5+ Kf4 56. Kf2 Re2+ 57. Kxe2 Kg3 1-0

[Event "Open Tre Circoli"]
[Site "Udine ITA"]
[Date "2012.02.11"]
[Round "3"]
[White "Bernard, Federico"]
[Black "Ciani, Davide"]
[WhiteElo "1482"]
[BlackElo "1719"]
[Result "1-0"]
[PlyCount "70"]
[EventDate "2012.01.21"]

1. e4 c5 2. Nc3 e6 3. Nf3 Nc6 4. a3 g6 5. Bc4 Bg7 6. O-O Nge7 7. Ne2 a6 8. d3
O-O 9. c3 b5 10. Ba2 Bb7 11. Be3 d6 12. Qc2 Qd7 13. Rad1 Qc7 14. Ng3 Rab8 15.
b4 Ne5 16. Nxe5 Bxe5 17. f4 Bg7 18. Rf2 c4 19. dxc4 bxc4 20. f5 Be5 21. Bh6
Rfe8 22. fxe6 fxe6 23. Qe2 Rbc8 24. Qf3 Kh8 25. Rdf1 Ng8 26. Qe3 Nxh6 27. Qxh6
Bg7 28. Qh3 d5 29. exd5 Bxd5 30. Bb1 Bxc3 31. Ne2 Be5 32. Rf7 Bxh2+ 33. Kh1
Bxg2+ 34. Qxg2 Qd8 35. Bxg6 hxg6 1-0

[Event "Open Tre Circoli"]
[Site "Udine ITA"]
[Date "2012.02.11"]
[Round "3"]
[White "Bozza, Stefano"]
[Black "Redo, Stefano"]
[WhiteElo "1836"]
[BlackElo "1879"]
[Result "1/2-1/2"]
[PlyCount "120"]
[EventDate "2012.01.21"]

1. e4 c5 2. Nf3 e6 3. d4 cxd4 4. Nxd4 a6 5. Be2 Nf6 6. f3 Qc7 7. O-O Bd6 8. g3
h5 9. f4 Nxe4 10. Bxh5 Bc5 11. c3 d5 12. Bf3 b5 13. Nd2 Nf6 14. N2b3 Bb6 15.
Be3 Nbd7 16. Qe2 Ne4 17. Nd2 Ndf6 18. Rad1 Bb7 19. Nc2 Rc8 20. Bxb6 Qxb6+ 21.
Qe3 Qxe3+ 22. Nxe3 Nc5 23. Nb3 Nfe4 24. Nxc5 Nxc5 25. f5 O-O 26. Bg4 Rce8 27.
fxe6 fxe6 28. Rxf8+ Kxf8 29. Bh5 Re7 30. Ng4 e5 31. Rf1+ Kg8 32. Rf5 Bc8 33.
Rxe5 Bxg4 34. Rxe7 Bxh5 35. Rc7 Nd3 36. b4 Nc1 37. a3 Be2 38. Ra7 Na2 39. Rxa6
Nxc3 40. Kf2 Bc4 41. Ke3 Kh7 42. h4 g6 43. g4 Kh6 44. h5 Nd1+ 45. Kd4 Nf2 46.
Rxg6+ Kh7 47. Rd6 Nxg4 48. Re6 Bb3 49. Kc5 Bc4 50. Rd6 Ne3 51. Ra6 Nf5 52. a4
bxa4 53. Rxa4 Kh6 54. b5 Bxb5 55. Kxb5 Kxh5 56. Kc5 d4 57. Kd5 d3 58. Ra2 Ng3
59. Kd4 Kg4 60. Kxd3 Kf3 1/2-1/2

[Event "Open Tre Circoli"]
[Site "Udine ITA"]
[Date "2012.02.11"]
[Round "3"]
[White "De Nardo, Elena"]
[Black "Lena, Leonardo"]
[WhiteElo "1520"]
[BlackElo "1368"]
[Result "1-0"]
[PlyCount "25"]
[EventDate "2012.01.21"]

1. d4 Nf6 2. c4 g6 3. Nc3 Bg7 4. e4 c6 5. Nf3 d5 6. e5 Ne4 7. Bd3 Nxc3 8. bxc3
dxc4 9. Bxc4 b5 10. Bb3 Nd7 11. Ng5 c5 12. Qf3 O-O 13. Qxa8 1-0